[Event "DEN-ch Seniors"]
[Site "Aalborg"]
[Date "2023.02.19"]
[Round "2"]
[White "Petersen, Jan1111"]
[Black "Kiel Jensen, Bent"]
[Result "1-0"]
[WhiteElo "1641"]
[BlackElo "1556"]
[PlyCount "72"]
[EventDate "2023.02.19"]
[EventType "swiss"]
[EventRounds "7"]
[EventCountry "DEN"]
[SourceTitle "CBM 213 Extra"]
[Source "ChessBase"]
[SourceDate "2023.05.31"]
[SourceVersion "1"]
[SourceVersionDate "2023.05.31"]
[SourceQuality "1"]

1. d4 d5 2. c4 e6 3. Nf3 Nf6 4. Nc3 Be7 5. Bf4 c6 6. Qc2 Nbd7 7. c5 Nh5 8. Bd2 Qc7 9. b4 e5 10. e4 exd4 11. Nxd4 dxe4 12. Qxe4 Qe5 13. Be2 Qxe4 14. Nxe4 Nhf6 15. Nd6+ Bxd6 16. cxd6 Nb6 17. 0-0 Be6 18. Rfe1 Kd7 19. Nxe6 fxe6 20. Bf4 Nfd5 21. Bd2 Kxd6 22. Rad1 Ke7 23. Bg5+ Nf6 24. Bg4 Rad8 25. Bxf6+ gxf6 26. Rxe6+ Kf7 27. Rde1 Nd5 28. Bh5+ Kg7 29. a3 Nf4 30. Re7+ Kh6 31. Bf3 Rd3 32. Rxb7 Rxa3 33. Bxc6 Rb3 34. g3 Nd3 35. Re4 Ne5 36. Rh4+ Kg5 1-0